Rural development for poverty alleviation : Jubilee symposium on the effectiveness of Co-operation in rural development
में बचाया:
| निगमित लेखक: | |
|---|---|
| स्वरूप: | पुस्तक |
| भाषा: | Undetermined |
| प्रकाशित: |
1986
|
| विषय: | |
| टैग : |
टैग जोड़ें
कोई टैग नहीं, इस रिकॉर्ड को टैग करने वाले पहले व्यक्ति बनें!
|
| Thư viện lưu trữ: | Trung tâm Học liệu Trường Đại học Cần Thơ |
|---|
| LEADER | 00544nam a2200169Ia 4500 | ||
|---|---|---|---|
| 001 | CTU_121537 | ||
| 008 | 210402s9999 xx 000 0 und d | ||
| 082 | |a 307.72 | ||
| 082 | |b R888 | ||
| 110 | |a Royal Tropical Institute | ||
| 245 | 0 | |a Rural development for poverty alleviation : | |
| 245 | 0 | |b Jubilee symposium on the effectiveness of Co-operation in rural development | |
| 245 | 0 | |c Royal Tropical Institute | |
| 260 | |c 1986 | ||
| 650 | |a Rural development | ||
| 904 | |i Tuyến | ||
| 980 | |a Trung tâm Học liệu Trường Đại học Cần Thơ | ||